Trendy formuje tieň pandémie
Pandémia ovplyvnila akým smerom sa bude obchod uberať ďalej. Obchodníci a odborníci pomenovali päť trendov, ktoré budú tvarovať retail v roku 2021. Sú medzi nimi snaha priniesť väčšiu hodnotu, digitalizácia predajní, akcelerácia e-commerce, inovácia konceptov a udržateľnosť.
Guardado en:
| Autor principal: | |
|---|---|
| Formato: | Capítulo de libro |
| Lenguaje: | eslovaco |
| Materias: | |
| Etiquetas: |
Sin Etiquetas, Sea el primero en etiquetar este registro!
|
MARC
| LEADER | 00000naa a2200000 4500 | ||
|---|---|---|---|
| 001 | 0277157 | ||
| 005 | 20210712134306.3 | ||
| 041 | 0 | |a slo | |
| 044 | |a CZ | ||
| 245 | 1 | 0 | |a Trendy formuje tieň pandémie |c Tatiana Kapitánová |
| 520 | |a Pandémia ovplyvnila akým smerom sa bude obchod uberať ďalej. Obchodníci a odborníci pomenovali päť trendov, ktoré budú tvarovať retail v roku 2021. Sú medzi nimi snaha priniesť väčšiu hodnotu, digitalizácia predajní, akcelerácia e-commerce, inovácia konceptov a udržateľnosť. | ||
| 610 | 2 | 0 | |a retailing |
| 610 | 2 | 0 | |a pandémia |
| 610 | 2 | 0 | |a spotrebitelia |
| 610 | 2 | 0 | |a obchod |
| 610 | 2 | 0 | |a prognózy |
| 100 | 1 | |a Kapitánová, Tatiana | |